|
|
|
|
| LEADER |
00000nas a2200000 a 4500 |
| 001 |
ssj0007862 |
| 003 |
WaSeSS |
| 005 |
20200512172242.0 |
| 006 |
m d |
| 007 |
cr n |
| 008 |
000810d19642007dcuqr pss f0 a0eng c |
| 010 |
|
|
|a 2005230178
|
| 022 |
|
|
|a 1554-9860
|l 0004-2579
|y 0004-2579
|
| 035 |
|
|
|a (WaSeSS)ssj0007862
|
| 040 |
|
|
|a UV$
|b eng
|c UV$
|d EYM
|d OCLCQ
|d EYM
|d OCLCQ
|d EYM
|d OCLCQ
|d GPO
|d NSD
|d GPO
|d OCLCQ
|d GPO
|d OCLCQ
|d GBT
|d GPO
|d OCLCQ
|d OCLCO
|d OCLCF
|d OCLCO
|d OCLCQ
|d COO
|d GILDS
|d OCLCO
|d OCLCA
|d UUM
|d VT2
|d OCLCO
|d WaSeSS
|
| 042 |
|
|
|a pcc
|a nsdp
|
| 043 |
|
|
|a n-us---
|
| 050 |
1 |
4 |
|a UA23.A1
|
| 074 |
|
|
|a 0323-A-03 (online)
|
| 082 |
1 |
0 |
|a 355
|2 13
|
| 086 |
0 |
|
|a D 101.43:
|
| 130 |
0 |
|
|a Army reserve magazine (Online)
|
| 222 |
|
0 |
|a Army reserve magazine
|b (Online)
|
| 245 |
1 |
0 |
|a Army reserve magazine
|h [electronic resource].
|
| 246 |
1 |
4 |
|a Army reserve
|
| 260 |
|
|
|a Washington, D.C. :
|b Chief, U.S. Army Reserve
|
| 310 |
|
|
|a Quarterly
|
| 362 |
1 |
|
|a Print began with v. 10, no. 3, in 1964; ceased with v. 52, no. 4 (spring/summer 2007).
|
| 506 |
|
|
|a License restrictions may limit access.
|
| 538 |
|
|
|a Mode of access: Internet from the GPO Permanent Access web site. Address as of 9/13/10: http://permanent.access.gpo.gov/lps1472/; current access is available via PURL.
|
| 588 |
|
|
|a Description based on: Vol. 45, no. 2 (2000); title from home page (viewed Nov. 17, 2001).
|
| 588 |
|
|
|a Latest issue consulted: Vol. 51, no. 4 (spring 2006).
|
| 610 |
1 |
0 |
|a United States.
|b Army Reserve
|v Periodicals.
|
| 610 |
1 |
0 |
|a United States.
|b Army
|x Reserves
|v Periodicals.
|
| 610 |
1 |
7 |
|a United States.
|b Army.
|2 fast
|0 (OCoLC)fst00533532
|
| 610 |
1 |
7 |
|a United States.
|b Army Reserve.
|2 fast
|0 (OCoLC)fst00546240
|
| 650 |
|
0 |
|a Military art and science
|v Periodicals.
|
| 650 |
|
7 |
|a Armed Forces
|x Reserves.
|2 fast
|0 (OCoLC)fst00814630
|
| 650 |
|
7 |
|a Military art and science.
|2 fast
|0 (OCoLC)fst01020874
|
| 655 |
|
0 |
|a Electronic journals.
|
| 710 |
1 |
|
|a United States.
|b Office of the Chief, Army Reserve.
|
| 776 |
0 |
8 |
|i Print version:
|t Army reserve magazine
|x 0004-2579
|w (DLC) 68005024
|w (OCoLC)6208057
|
| 785 |
0 |
0 |
|t Warrior-citizen
|x 2152-596X
|w (DLC) 2009231227
|w (OCoLC)276948486
|
| 856 |
4 |
0 |
|z Full text available from Research Library: 10/01/1997 to 04/30/2007
|u https://search.proquest.com/publication/38836
|